00310 a2200097 4500082001300000100002700013245009600040260005100136300001000187500001500197 a954.7509 aGovernment of Pakistan aYear Book 2001-2002.bScientific & Technological Research Division.cGovernment of Pakistan aIslamabad.bGovernment of Pakistan.c2001-2002 a117p. aHard cover